| 000 | 02275nam0a2200373 4500 | ||
|---|---|---|---|
| 001 | RU\NLR\BIBL_A\022694701 | ||
| 005 | 20260420061907.0 | ||
| 010 |
_a978-5-907464-30-8 _9500 |
||
| 021 |
_aRU _bКН-П-25-067635 _9КН-П-25-6545 |
||
| 035 | _a(NLR Aleph) 022694701 | ||
| 090 |
_a13687480 _c13687480 |
||
| 100 | _a20251224d2025 k y0rusy50 ca | ||
| 101 | 0 | _arus | |
| 102 | _aRU | ||
| 105 | _aa z 000yy | ||
| 181 | 0 |
_ai _baxxe |
|
| 182 | 0 | _an | |
| 200 | 1 |
_aНаучное и технологическое развитие комплексных мелиораций _eмонография _fЛ. В. Кирейчева, Д. А. Рогачев, В. М. Яшин [и др.] _gпод редакцией доктора технических наук, профессора Л. В. Кирейчевой _gМинистерство науки и высшего образования Российской Федерации, Федеральное государственное бюджетное научное учреждение "Федеральный научный центр гидротехники и мелиорации имени А. К. Костякова" (ФГБНУ "ФНЦ ВНИИГиМ им. А. Н. Костякова") |
|
| 203 |
_aТекст _bвизуальный _cнепосредственный |
||
| 210 |
_aМосква _cИзд-во ФНЦ ВНИИГиМ им. А. Н. Костякова _d2025 |
||
| 215 |
_a230 с. _cил., цв. ил., табл. |
||
| 300 | _aАвт. указаны на обороте тит. с. | ||
| 320 | _aБиблиогр.: с. 206–229 | ||
| 606 | 1 |
_aМелиорация комплексная _91405690 _3RU\NLR\AUTH\66591924 |
|
| 686 | 1 | _aП06 | |
| 701 | 1 |
_aКирейчева _bЛ. В. _gЛюдмила Владимировна |
|
| 701 | 1 |
_aРогачев _bД. А. _gДмитрий Алексеевич |
|
| 701 | 1 |
_aЯшин _bВ.М. _gВалерий Михайлович |
|
| 712 | 0 | 2 |
_4475 _aФедеральный научный центр гидротехники и мелиорации им. А. Н. Костякова _cМосква _9873290 _3RU\NLR\AUTH\880601439 |
| 942 | _cBOOK | ||
| 980 | _aNB | ||